header

Literature--reading, reacting, writing / (Record no. 255980)

MARC details
000 -LEADER
fixed length control field 01075cam a2200325 a 4500
001 - CONTROL NUMBER
control field 4418115
003 - CONTROL NUMBER IDENTIFIER
control field OSt
005 - DATE AND TIME OF LATEST TRANSACTION
control field 20170306093433.0
008 - FIXED-LENGTH DATA ELEMENTS--GENERAL INFORMATION
fixed length control field 940322s1994 txua 001 0 eng
010 ## - LIBRARY OF CONGRESS CONTROL NUMBER
LC control number 93079293
020 ## - INTERNATIONAL STANDARD BOOK NUMBER
International Standard Book Number 0155004964
040 ## - CATALOGING SOURCE
Original cataloging agency DLC
Transcribing agency DLC
Modifying agency DLC
050 00 - LIBRARY OF CONGRESS CALL NUMBER
Classification number PE1479.C7
Item number K57 1994
082 00 - DEWEY DECIMAL CLASSIFICATION NUMBER
Classification number 808/.0427
Edition number 20
100 1# - MAIN ENTRY--PERSONAL NAME
Personal name Kirszner, Laurie G.
245 10 - TITLE STATEMENT
Title Literature--reading, reacting, writing /
Statement of responsibility, etc Laurie G. Kirszner, Stephen G. [i.e. R.] Mandell.
250 ## - EDITION STATEMENT
Edition statement 2nd ed.
260 ## - PUBLICATION, DISTRIBUTION, ETC. (IMPRINT)
Place of publication, distribution, etc Fort Worth :
Name of publisher, distributor, etc Harcourt Brace College Publishers,
Date of publication, distribution, etc c1994.
300 ## - PHYSICAL DESCRIPTION
Extent xxxiii, 1843 p. :
Other physical details ill. ;
Dimensions 25 cm.
500 ## - GENERAL NOTE
General note Includes indexes.
650 #0 - SUBJECT ADDED ENTRY--TOPICAL TERM
Topical term or geographic name as entry element English language
General subdivision Rhetoric.
Topical term or geographic name as entry element Literature
General subdivision History and criticism
-- Theory, etc.
Topical term or geographic name as entry element Criticism
General subdivision Authorship.
Topical term or geographic name as entry element Academic writing.
Topical term or geographic name as entry element College readers.
700 1# - ADDED ENTRY--PERSONAL NAME
Personal name Mandell, Stephen R.
906 ## - LOCAL DATA ELEMENT F, LDF (RLIN)
a 7
b cbc
c orignew
d 2
e opcn
f 19
g y-gencatlg
942 ## - ADDED ENTRY ELEMENTS (KOHA)
Source of classification or shelving scheme Library of Congress Classification
Koha item type Long Loan Books
Holdings
Withdrawn status Lost status Source of classification or shelving scheme Damaged status Not for loan Home library Current library Date acquired Total Checkouts Full call number Barcode Date last seen Date checked out Price effective from Koha item type
    Library of Congress Classification     Rongo University Library Rongo University Library 06/03/2017 3 PE1479.C7 K57 1994 201616844 02/04/2025 17/03/2025 06/03/2017 Long Loan Books

© 2026 Rongo University
Contact us: librarian | system librarian | Rongo university